000 004340000a22001810004500
003 MACL
005 20151006153035.0
008 151006b xxu||||| |||| 00| 0 eng d
040 _aMACL
_cMACL
041 _aEnglish
082 _a910/THA
100 _aGuha Thakuurta, S N
_913912
245 _aTripura
260 _bNational Books Trust
_c1986
_aDelhi
350 _a12
650 _aGeography & Travel
_913914
942 _cBK
_k910
_2ddc
999 _c6454
_d6454